[Event "Syre Memorial op 33th"]
[Site "Issy les Moulineaux"]
[Date "2010.05.14"]
[Round "2"]
[White "Guilleux, Fabien"]
[Black "Stambul, Adam"]
[Result "1-0"]
[WhiteElo "2394"]
[BlackElo "2166"]
[PlyCount "67"]
[EventDate "2010.05.13"]
[EventType "swiss"]
[EventRounds "6"]
[EventCountry "FRA"]
[SourceTitle "EXT 2011"]
[Source "ChessBase"]
[SourceDate "2010.11.26"]
[SourceVersion "1"]
[SourceVersionDate "2010.11.26"]
[SourceQuality "1"]

1. d4 f5 2. g3 Nf6 3. Bg2 e6 4. Nf3 d6 5. 0-0 Be7 6. c4 0-0 7. Nc3 Qe8 8. Re1 Qg6 9. e4 Nxe4 10. Nxe4 fxe4 11. Rxe4 Bf6 12. Qe2 Nc6 13. Bf4 d5 14. cxd5 exd5 15. Re3 Bg4 16. Qb5 Bxf3 17. Bxf3 Bxd4 18. Re6 Qc2 19. Re2 Qg6 20. Qxd5+ Kh8 21. Bh5 Rf5 22. Bxg6 Rxd5 23. Be4 Rb5 24. Rd1 Bf6 25. b3 Nd4 26. Red2 c5 27. Kg2 Re8 28. Bd5 Rb6 29. Bc7 Ra6 30. Bxb7 Rae6 31. Bd5 Re2 32. Bc4 Rxd2 33. Rxd2 g5 34. h3 1-0

[Event "FRA-chT1 0910"]
[Site "France"]
[Date "2009.11.21"]
[Round "4.7"]
[White "Baumhauer, Christian"]
[Black "Stambul, Adam"]
[Result "1-0"]
[WhiteElo "2078"]
[BlackElo "2185"]
[PlyCount "97"]
[EventDate "2009.09.27"]
[EventType "team-tourn"]
[EventRounds "11"]
[EventCountry "FRA"]
[SourceTitle "EXT 2011"]
[Source "ChessBase"]
[SourceDate "2010.11.26"]
[SourceVersion "1"]
[SourceVersionDate "2010.11.26"]
[SourceQuality "1"]

1. Nf3 Nf6 2. c4 g6 3. Nc3 Bg7 4. g3 0-0 5. Bg2 d6 6. 0-0 c6 7. d4 Bg4 8. h3 Bxf3 9. Bxf3 e5 10. dxe5 dxe5 11. Qb3 Qc7 12. Be3 Nbd7 13. Rfd1 Rfe8 14. Rac1 Rad8 15. Qc2 Nf8 16. b4 Ne6 17. Qa4 Nd4 18. Bg2 Nd7 19. c5 a6 20. Rd2 Nf5 21. Ne4 Nxe3 22. fxe3 Nf6 23. Nd6 Rf8 24. Rcd1 Nh5 25. Kh2 Qe7 26. e4 Rb8 27. Qb3 Bh6 28. Rd3 Kh8 29. Rf1 f6 30. Bf3 Ng7 31. Bg4 Ne8 32. Rfd1 Nxd6 33. Rxd6 f5 34. Rd7 Qg5 35. exf5 gxf5 36. Bf3 f4 37. g4 Bg7 38. Be4 h5 39. Qf3 Rbd8 40. gxh5 Qf6 41. Qg4 Rxd7 42. Rxd7 Rf7 43. Rd6 Qe7 44. Bg6 Rf8 45. h6 f3 46. hxg7+ Qxg7 47. exf3 e4 48. Qh5+ Kg8 49. Bxe4 1-0

[Event "FRA-chT2 West 0809"]
[Site "France"]
[Date "2009.03.14"]
[Round "8.5"]
[White "Stambul, Adam"]
[Black "Mercier, Jean Loup"]
[Result "1-0"]
[WhiteElo "2166"]
[BlackElo "1890"]
[PlyCount "71"]
[EventDate "2008.10.19"]
[EventType "team-tourn"]
[EventRounds "11"]
[EventCountry "FRA"]
[SourceTitle "EXT 2010"]
[Source "ChessBase"]
[SourceDate "2010.11.25"]
[SourceVersion "1"]
[SourceVersionDate "2010.11.25"]
[SourceQuality "1"]
[WhiteTeam "Issy les Moulineaux"]
[BlackTeam "Nantes II"]
[WhiteTeamCountry "FRA"]
[BlackTeamCountry "FRA"]

1. e4 c5 2. Nc3 Nc6 3. Bc4 e6 4. d3 Nge7 5. Bg5 a6 6. a4 Qa5 7. Bd2 Qc7 8. Nge2 b6 9. 0-0 Bb7 10. Bf4 d6 11. Bg3 Qd7 12. Qe1 Ng6 13. f4 Be7 14. f5 Nge5 15. Ba2 Bf6 16. Rc1 Nb4 17. Bb1 0-0 18. Bh4 Bxh4 19. Qxh4 exf5 20. Rxf5 Ng6 21. Qg3 d5 22. Rcf1 dxe4 23. Nxe4 Rae8 24. N2c3 Qd4+ 25. Kh1 Re5 26. Rxe5 Qxe5 27. Qxe5 Nxe5 28. a5 b5 29. Nxc5 Bc8 30. N3e4 Rd8 31. c3 Nexd3 32. Nxd3 Nxd3 33. Rd1 f5 34. Bxd3 Be6 35. Nf2 Kf8 36. Kg1 1-0

[Event "Syre Memorial op 31st"]
[Site "Issy les Moulineaux"]
[Date "2008.05.03"]
[Round "5"]
[White "Stambul, Adam"]
[Black "Abbey, Anate"]
[Result "1-0"]
[WhiteElo "2148"]
[BlackElo "1676"]
[PlyCount "35"]
[EventDate "2008.05.01"]
[EventType "swiss"]
[EventRounds "6"]
[EventCountry "FRA"]
[SourceTitle "EXT 2010"]
[Source "ChessBase"]
[SourceDate "2010.11.25"]
[SourceVersion "1"]
[SourceVersionDate "2010.11.25"]
[SourceQuality "1"]

1. e4 c6 2. d4 d5 3. Nc3 dxe4 4. Nxe4 Nd7 5. Nf3 Ngf6 6. Ng3 Qc7 7. Bc4 e6 8. Qe2 Be7 9. Bd2 b6 10. 0-0 h6 11. Rfe1 b5 12. Bb3 Bb7 13. Nf5 Rg8 14. Bxe6 fxe6 15. Qxe6 Nf8 16. Qxe7+ Qxe7 17. Rxe7+ Kd8 18. Rxb7 1-0

[Event "Syre Memorial op 31st"]
[Site "Issy les Moulineaux"]
[Date "2008.05.01"]
[Round "2"]
[White "Stambul, Adam"]
[Black "Debray, Christopher"]
[Result "0-1"]
[WhiteElo "2148"]
[BlackElo "2381"]
[PlyCount "58"]
[EventDate "2008.05.01"]
[EventType "swiss"]
[EventRounds "6"]
[EventCountry "FRA"]
[SourceTitle "EXT 2010"]
[Source "ChessBase"]
[SourceDate "2010.11.25"]
[SourceVersion "1"]
[SourceVersionDate "2010.11.25"]
[SourceQuality "1"]

1. e4 c5 2. Nc3 e6 3. Bc4 Nc6 4. d3 Nge7 5. Bg5 f6 6. Bh4 Qa5 7. f4 Nd4 8. Kf1 b5 9. Bb3 Ba6 10. Nce2 Nxe2 11. Qxe2 Qc7 12. Bg3 c4 13. dxc4 bxc4 14. c3 f5 15. Bc2 g6 16. exf5 gxf5 17. Rd1 Rb8 18. Ba4 Bb5 19. Bxb5 Rxb5 20. Nf3 Bg7 21. Ng5 0-0 22. h4 h6 23. Nf3 Rd5 24. Kg1 Rxd1+ 25. Qxd1 Rb8 26. Qd2 Nd5 27. Kh2 Qb6 28. Qe2 Qxb2 29. Qxc4 Ne3 0-1

[Event "FRA-chT2 0304"]
[Site "France"]
[Date "2004.04.04"]
[Round "11"]
[White "Stambul, Adam"]
[Black "Guadalpi, Celine"]
[Result "1/2-1/2"]
[WhiteElo "2089"]
[BlackElo "1900"]
[PlyCount "129"]
[EventDate "2003.10.??"]
[EventType "team"]
[EventRounds "11"]
[EventCountry "FRA"]
[SourceTitle "EXT 2005"]
[Source "ChessBase"]
[SourceDate "2004.11.15"]
[SourceVersion "1"]
[SourceVersionDate "2004.11.15"]
[SourceQuality "1"]

1. e4 e6 2. d4 d5 3. Nc3 dxe4 4. Nxe4 Nd7 5. Bd3 Ngf6 6. Ng3 c5 7. Be3 cxd4 8. Bxd4 Nc5 9. Nf3 Nxd3+ 10. Qxd3 Be7 11. 0-0-0 Qd5 12. Kb1 b6 13. c4 Qd8 14. Qe2 Bd7 15. Ne5 0-0 16. Nh5 Nxh5 17. Qxh5 Be8 18. Qg4 f5 19. Qe2 Bf6 20. Rd3 Qc7 21. Rhd1 Rc8 22. b3 f4 23. Kb2 Qe7 24. Bc3 b5 25. Rd6 bxc4 26. b4 Ba4 27. R1d4 Rfd8 28. Ra6 Bb5 29. Ra5 Bc6 30. Rxf4 Bxg2 31. Qe3 Bg5 32. a3 Bxf4 33. Qxf4 Bd5 34. Qe3 Rc7 35. Ng4 Qf7 36. Qe5 Kf8 37. b5 Rdc8 38. Qd4 Qf3 39. a4 Qe2+ 40. Kc1 Qe4 41. Ne3 Qd3 42. Ra6 Rb7 43. Qxd3 cxd3 44. Nxd5 exd5 45. Kd2 Rc4 46. Kxd3 g6 47. Bd4 Rcc7 48. Be3 Ke7 49. Kd4 Rd7 50. Ke5 Rbc7 51. Bd4 Rc1 52. Bxa7 Re1+ 53. Kd4 Rd1+ 54. Kc3 Rc7+ 55. Kb4 Rc4+ 56. Kb3 Rb1+ 57. Ka2 Rbc1 58. Be3 R1c2+ 59. Kb1 Re2 60. b6 d4 61. Bg5+ Kd7 62. Ra7+ Kc8 63. b7+ Kb8 64. Bf4+ Rc7 65. Bxc7+ 1/2-1/2

[Event "FRA-chT2 0304a"]
[Site "France"]
[Date "2004.03.14"]
[Round "9.8"]
[White "Dubois, Martine"]
[Black "Stambul, Adam"]
[Result "0-1"]
[WhiteElo "2035"]
[BlackElo "2089"]
[PlyCount "84"]
[EventDate "2003.10.??"]
[EventType "team"]
[EventRounds "11"]
[EventCountry "FRA"]
[SourceTitle "EXT 2005"]
[Source "ChessBase"]
[SourceDate "2004.11.15"]
[SourceVersion "1"]
[SourceVersionDate "2004.11.15"]
[SourceQuality "1"]
[WhiteTeam "Nice Alekhine"]
[BlackTeam "Marseille EFE"]
[WhiteTeamCountry "FRA"]
[BlackTeamCountry "FRA"]

1. e4 e5 2. Nf3 Nc6 3. Nc3 Nf6 4. g3 Be7 5. Bg2 d6 6. 0-0 0-0 7. h3 h6 8. d4 Nh7 9. Be3 f5 10. exf5 Bxf5 11. Nd5 Bf6 12. Nxf6+ Qxf6 13. d5 Ne7 14. Nh4 Bd7 15. Qh5 g5 16. Nf3 Bb5 17. Rfe1 Nf5 18. Qg4 a5 19. Kh2 Qg6 20. Nh4 Nxh4 21. gxh4 Nf6 22. Qd1 Nh5 23. Bf3 Nf4 24. Rg1 Qf6 25. hxg5 hxg5 26. h4 Kf7 27. Bh5+ Ke7 28. Rxg5 Rh8 29. Qg4 Nxh5 30. Rxh5 Rxh5 31. Qxh5 Rh8 32. Qg5 Rxh4+ 33. Kg3 Rh7 34. Qxf6+ Kxf6 35. b3 Be2 36. Re1 Rg7+ 37. Kh2 Bf3 38. c4 Kf5 39. a3 c6 40. dxc6 bxc6 41. Bb6 Rb7 42. Re3 Kf4 0-1

[Event "Majeur-chT 0001"]
[Site "France"]
[Date "2001.??.??"]
[Round "6"]
[White "Stoven, Gilles Noel"]
[Black "Stambul, Adam"]
[Result "1-0"]
[WhiteElo "2040"]
[BlackElo "2080"]
[PlyCount "125"]
[EventDate "2000.??.??"]
[EventType "team"]
[EventRounds "9"]
[EventCountry "FRA"]
[SourceTitle "EXT 2005"]
[Source "ChessBase"]
[SourceDate "2004.11.15"]
[SourceVersion "1"]
[SourceVersionDate "2004.11.15"]
[SourceQuality "1"]

1. e4 e5 2. Nf3 Nc6 3. d4 exd4 4. Bc4 Nf6 5. 0-0 Bc5 6. e5 d5 7. exf6 dxc4 8. Re1+ Be6 9. Ng5 Bf8 10. fxg7 Bxg7 11. Nxf7 Kxf7 12. Qh5+ Kf8 13. Rxe6 Qd7 14. Re4 Re8 15. Qc5+ Qd6 16. Rxe8+ Kxe8 17. Qxc4 Be5 18. Qe2 Kd8 19. Bg5+ Kc8 20. f4 Qg6 21. Nd2 h6 22. fxe5 hxg5 23. Re1 Re8 24. Qg4+ Kb8 25. Nf3 Qxc2 26. Qxg5 d3 27. e6 a6 28. h4 Qxb2 29. h5 Nd4 30. Nxd4 Qxd4+ 31. Kh1 Qf2 32. Rd1 Qe2 33. Rd2 Qf1+ 34. Kh2 Rh8 35. h6 Qf8 36. Kg1 Qxh6 37. Qxh6 Rxh6 38. e7 Re6 39. Rxd3 Rxe7 40. Rd8+ Ka7 41. Rg8 Re2 42. g4 Rxa2 43. g5 Kb6 44. g6 Ra5 45. g7 Rg5+ 46. Kf2 Kc6 47. Ke3 Kd6 48. Rd8+ Kc5 49. g8Q Rxg8 50. Rxg8 b5 51. Kd3 Kb4 52. Kc2 c5 53. Kb2 a5 54. Rc8 a4 55. Rc7 Kc4 56. Ka3 Kd4 57. Rc8 Kc4 58. Rb8 b4+ 59. Kxa4 Kc3 60. Rc8 c4 61. Rc7 b3 62. Ka3 b2 63. Rb7 1-0